000 00563nam a22001817a 4500
005 20231123112309.0
008 231123b |||||||| |||| 00| 0 eng d
020 _a0702120154
041 _aEnglish
082 _a342 BAS
100 _aBasson, D and Viljoen, H
_lEnglish
245 _aSouth African Constitutional Law /
_cD Basson and H Viljoen
250 _aFirst Edition
260 _aCape Town :
_bJuta and Company Ltd,
_c1988
300 _bxv, 419 pages ;
_c25,4 cm.
650 _aLegal practice
_bLaw
942 _cBK
_6ALISON_BN_VRIES
999 _c890
_d890